000 00351nam a2200121Ia 4500
008 240731s9999 xx 000 0 und d
022 _a1748-9245
245 0 _aEnergy Materials : Materials Science and Engineering for Energy Systems
260 _bTaylor & Francis
856 _uhttps://www.tandfonline.com/loi/yema20
942 _2ddc
942 _cTFEJ
999 _c76414
_d76414
945 _a1
_bMadushi Gamage
_c1
_dMadushi Gamage